000 004720000a22001810004500
003 MACL
005 20151004151201.0
008 151004b xxu||||| |||| 00| 0 eng d
040 _aMACL
_cMACL
041 _aEnglish
082 _a910/BHA
100 _aPhadnis, Urmila
_913564
245 _aMaldives
_bWinds of Chnge in and Atoll state
260 _bSoth Asian Publishers
_c1985
_aNew Delhi
350 _a85
650 _aGeography & Travels
_913708
942 _cBK
_k910
_2ddc
999 _c7141
_d7141